<?xml version="1.0" encoding="UTF-8"?>
<record
    xmlns:xsi="http://www.w3.org/2001/XMLSchema-instance"
    xsi:schemaLocation="http://www.loc.gov/MARC21/slim http://www.loc.gov/standards/marcxml/schema/MARC21slim.xsd"
    xmlns="http://www.loc.gov/MARC21/slim">

  <leader>01597namaa22003371i 4500</leader>
  <controlfield tag="005">20260224100732.0</controlfield>
  <controlfield tag="008">251229s1995    ua a|||frm||| 000 0 eng d</controlfield>
  <datafield tag="040" ind1=" " ind2=" ">
    <subfield code="a">EG-GICUC</subfield>
    <subfield code="b">eng</subfield>
    <subfield code="c">EG-GICUC</subfield>
    <subfield code="d">EG-GICUC</subfield>
    <subfield code="e">rda</subfield>
  </datafield>
  <datafield tag="041" ind1="0" ind2=" ">
    <subfield code="a">eng</subfield>
    <subfield code="b">eng</subfield>
    <subfield code="b">ara</subfield>
  </datafield>
  <datafield tag="049" ind1=" " ind2=" ">
    <subfield code="a">Deposit</subfield>
  </datafield>
  <datafield tag="097" ind1=" " ind2=" ">
    <subfield code="a">Ph.D</subfield>
  </datafield>
  <datafield tag="099" ind1=" " ind2=" ">
    <subfield code="a">Cai01.17.04.Ph.D.1995.Na.R.</subfield>
  </datafield>
  <datafield tag="100" ind1="0" ind2=" ">
    <subfield code="a">Nagat Said I. Habib,</subfield>
    <subfield code="e">preparation.</subfield>
  </datafield>
  <datafield tag="245" ind1="1" ind2="0">
    <subfield code="a">Relationship Between Rearing practices and psychosocial development of children below 3 years of age in A rural community /</subfield>
    <subfield code="c">By Nagat Said I. Habib; Supervisors Prof. Dr. Laila M. kamel, Prof. Dr. Eman M. Mourad, Prof. Dr. Cheherezade Ghazi, Prof. Dr. Carol Brigham</subfield>
  </datafield>
  <datafield tag="246" ind1="1" ind2="5">
    <subfield code="a">&#x627;&#x644;&#x639;&#x644;&#x627;&#x642;&#x629; &#x628;&#x64A;&#x646; &#x627;&#x644;&#x645;&#x645;&#x627;&#x631;&#x633;&#x627;&#x62A; &#x627;&#x644;&#x62A;&#x631;&#x628;&#x648;&#x64A;&#x629; &#x648;&#x627;&#x644;&#x646;&#x645;&#x648; &#x627;&#x644;&#x646;&#x641;&#x633;&#x64A; &#x627;&#x644;&#x627;&#x62C;&#x62A;&#x645;&#x627;&#x639;&#x64A; &#x644;&#x644;&#x637;&#x641;&#x644; &#x62A;&#x62D;&#x62A; &#x639;&#x645;&#x631; &#x627;&#x644;&#x62B;&#x644;&#x627;&#x62B; &#x633;&#x646;&#x648;&#x627;&#x62A; &#x641;&#x64A; &#x627;&#x644;&#x645;&#x62C;&#x62A;&#x645;&#x639; &#x627;&#x644;&#x631;&#x64A;&#x641;&#x64A;</subfield>
  </datafield>
  <datafield tag="264" ind1=" " ind2="0">
    <subfield code="c">1995.</subfield>
  </datafield>
  <datafield tag="300" ind1=" " ind2=" ">
    <subfield code="a">176 Leaves :</subfield>
    <subfield code="b">illustrations </subfield>
    <subfield code="c">30 cm. + </subfield>
  </datafield>
  <datafield tag="336" ind1=" " ind2=" ">
    <subfield code="2">rda content</subfield>
    <subfield code="a">text</subfield>
  </datafield>
  <datafield tag="337" ind1=" " ind2=" ">
    <subfield code="2">rdamedia</subfield>
    <subfield code="a">Unmediated</subfield>
  </datafield>
  <datafield tag="338" ind1=" " ind2=" ">
    <subfield code="2">rdacarrier</subfield>
    <subfield code="a">volume</subfield>
  </datafield>
  <datafield tag="502" ind1=" " ind2=" ">
    <subfield code="a">Thesis (Ph.D)-Cairo University, 1995.</subfield>
  </datafield>
  <datafield tag="504" ind1=" " ind2=" ">
    <subfield code="a">Bibliography: pages 162-176</subfield>
  </datafield>
  <datafield tag="653" ind1=" " ind2="0">
    <subfield code="a">development of children</subfield>
    <subfield code="a">psychosocial</subfield>
  </datafield>
  <datafield tag="700" ind1="0" ind2=" ">
    <subfield code="a">Laila M. kamel</subfield>
    <subfield code="e">thesis advisor.</subfield>
  </datafield>
  <datafield tag="700" ind1="0" ind2=" ">
    <subfield code="a">Eman M. Mourad</subfield>
    <subfield code="e">thesis advisor.</subfield>
  </datafield>
  <datafield tag="700" ind1="0" ind2=" ">
    <subfield code="a">Cheherezade Ghazi</subfield>
    <subfield code="e">thesis advisor.</subfield>
  </datafield>
  <datafield tag="700" ind1="0" ind2=" ">
    <subfield code="a">Carol Brigham</subfield>
    <subfield code="e">thesis advisor.</subfield>
  </datafield>
  <datafield tag="900" ind1=" " ind2=" ">
    <subfield code="D">Department of Nursing Sciences</subfield>
    <subfield code="F">Faculty of Medicine</subfield>
    <subfield code="U">Cairo University</subfield>
    <subfield code="b">1995</subfield>
    <subfield code="c">Laila M. kamel</subfield>
    <subfield code="c">Eman M. Mourad</subfield>
    <subfield code="c">Cheherezade Ghazi</subfield>
    <subfield code="c">Carol Brigham</subfield>
  </datafield>
  <datafield tag="905" ind1=" " ind2=" ">
    <subfield code="a">Nehad</subfield>
    <subfield code="e">Nourhan</subfield>
  </datafield>
  <datafield tag="942" ind1=" " ind2=" ">
    <subfield code="2">ddc</subfield>
    <subfield code="c">TH</subfield>
    <subfield code="e">21</subfield>
    <subfield code="n">0</subfield>
  </datafield>
  <datafield tag="999" ind1=" " ind2=" ">
    <subfield code="c">177151</subfield>
  </datafield>
  <datafield tag="952" ind1=" " ind2=" ">
    <subfield code="2">ddc</subfield>
    <subfield code="9">312970</subfield>
    <subfield code="a">CUCL</subfield>
    <subfield code="b">100</subfield>
    <subfield code="d">2025-12-29</subfield>
    <subfield code="i">26623</subfield>
    <subfield code="o">Cai01.17.04.Ph.D.1995.Na.R</subfield>
    <subfield code="p">01010110026623000</subfield>
    <subfield code="r">2025-12-29 13:28:42</subfield>
    <subfield code="w">2025-12-29</subfield>
    <subfield code="y">TH</subfield>
  </datafield>
</record>
